000 00644nam a2200253Ia 4500
003 OSt
005 20140313153951.0
008 140130s9999 xx 000 0 und d
020 _a9780439206747
050 _aPZ 7
_b .M47879Flbg 2003
100 _aMcMullan, Kate.
245 _cKate McMullan.
_aFluffy grows a garden /
_b
260 _bScholastic Inc.,
_cc2003.
_aUSA :
300 _a30 p. :
_bcol. ill. ;
_c23 cm.
440 _v1
521 _aG1
526 _c230
650 _aGuinea pigs
_xFiction.
650 _aGardening
_xFiction.
650 _aSchools
_xFiction.
942 _cBK
_2lcc
999 _c40000
_d40000